Icons : (Record no. 19953)
[ view plain ]
| 000 -CABECERA | |
|---|---|
| campo de control de longitud fija | 01095nam a2200301 4500 |
| 003 - IDENTIFICADOR DEL NÚMERO DE CONTROL | |
| campo de control | OSt |
| 005 - FECHA Y HORA DE LA ÚLTIMA TRANSACCIÓN | |
| campo de control | 20260601170958.0 |
| 008 - DATOS DE LONGITUD FIJA--INFORMACIÓN GENERAL | |
| campo de control de longitud fija | 260507b1997\\\\caua||||\||||\00|\0\eng\d |
| 020 ## - NÚMERO INTERNACIONAL ESTÁNDAR DEL LIBRO | |
| Número Internacional Estándar del Libro | 0811818578 |
| 020 ## - NÚMERO INTERNACIONAL ESTÁNDAR DEL LIBRO | |
| Número Internacional Estándar del Libro | 9780811875575 |
| 040 ## - FUENTE DE LA CATALOGACIÓN | |
| Centro catalogador/agencia de origen | ICI |
| Lengua de catalogación | spa |
| Centro/agencia transcriptor | ICI |
| 050 ## - SIGNATURA TOPOGRÁFICA DE LA BIBLIOTECA DEL CONGRESO | |
| Número de clasificación | GN406 |
| Número de documento/Ítem | I36 |
| 245 #0 - MENCIÓN DE TÍTULO | |
| Título | Icons : |
| Resto del título | magnets of meaning / |
| Mención de responsabilidad, etc. | edited by Aaron Betsky ... [y otros] |
| 246 #3 - FORMA VARIANTE DE TÍTULO | |
| Título propio/Titulo breve | Magnets of meaning |
| 264 ## - PRODUCCIÓN, PUBLICACIÓN, DISTRIBUCIÓN, FABRICACIÓN Y COPYRIGHT | |
| Nombre del de productor, editor, distribuidor, fabricante | San Francisco Museum of Modern Art ; |
| -- | Chronicle Books, |
| Fecha de producción, publicación, distribución, fabricación o copyright | c1997 |
| Producción, publicación, distribución, fabricación y copyright | San Francisco : |
| 300 ## - DESCRIPCIÓN FÍSICA | |
| Extensión | 271 páginas |
| Dimensiones | 23cm. |
| 336 ## - TIPO DE CONTENIDO | |
| Término de tipo de contenido | texto |
| Fuente | rdacontent |
| 337 ## - TIPO DE MEDIO | |
| Nombre/término del tipo de medio | sin medio |
| Fuente | rdamedia |
| 338 ## - TIPO DE SOPORTE | |
| Nombre/término del tipo de soporte | volumen |
| Fuente | rdacarrier |
| 500 ## - NOTA GENERAL | |
| Nota general | Publicado en ocasión de la exposicion realizada en abril 18 - agosto 5, 1997 en San Francisco Museum of Modern Art |
| 610 #2 - PUNTO DE ACCESO ADICIONAL DE MATERIA--NOMBRE DE ENTIDAD CORPORATIVA | |
| Nombre de entidad corporativa o nombre de jurisdicción como elemento de entrada | San Francisco Museum of Modern Art |
| 9 (RLIN) | 31018 |
| 650 ## - PUNTO DE ACCESO ADICIONAL DE MATERIA--TÉRMINO DE MATERIA | |
| Término de materia o nombre geográfico como elemento de entrada | Cultura material |
| Subdivisión de forma | Exposiciones |
| 9 (RLIN) | 31019 |
| 650 ## - PUNTO DE ACCESO ADICIONAL DE MATERIA--TÉRMINO DE MATERIA | |
| Término de materia o nombre geográfico como elemento de entrada | Iconos |
| Subdivisión de forma | Exposiciones |
| 9 (RLIN) | 31020 |
| 650 ## - PUNTO DE ACCESO ADICIONAL DE MATERIA--TÉRMINO DE MATERIA | |
| Término de materia o nombre geográfico como elemento de entrada | Objetos artísticos |
| Subdivisión de forma | Exposiciones |
| 9 (RLIN) | 31021 |
| 650 ## - PUNTO DE ACCESO ADICIONAL DE MATERIA--TÉRMINO DE MATERIA | |
| Término de materia o nombre geográfico como elemento de entrada | Cultura popular |
| Subdivisión de forma | Exposiciones |
| 9 (RLIN) | 31022 |
| 700 #1 - PUNTO DE ACCESO ADICIONAL--NOMBRE DE PERSONA | |
| Nombre de persona | Betsky, Aaron, |
| Término indicativo de función/relación | editor |
| 9 (RLIN) | 31023 |
| 942 ## - ELEMENTOS DE PUNTO DE ACCESO ADICIONAL (KOHA) | |
| Fuente del sistema de clasificación o colocación | Library of Congress Classification |
| Tipo de ítem Koha | Libros |
No items available.